LEADER 01712nam a2200337 a 4500 001 000000137844 003 CaOOAMICUS 005 20140325093948.0 008 140325s1996 it u000 u ita r 020 $z88-215-3068-X* 040 $aPUL$bita 110 2 $aPapi (1978-2005 : Iohannes Paulus PP. II).$0(OLS)http://pul/name/12992 245 10$aTertio millennio adveniente :$blettera apostolica di Giovanni Paolo II: testo e commento teologico-pastorale /$ca cura del Consiglio di Presidenza del grande Giubileo dell'anno 2000 ; A. Amato ... [et al.] . 260 $aMilano :$bSan Paolo,$c1996. 300 $a266 p. ;$c21 cm 490 1 $aSaggi teologici ;$v17 500 $aCollaborazione di autori vari. 504 $aContiene bibliografia in nota. 610 24$aPapi (1978-2005 : Iohannes Paulus PP. II).$tTertio millennio adveniente.$0(OLS)http://pul/subject/40386 700 1 $aAmato, Angelo,$ccard., $d1938-$0(OLS)http://pul/name/1448 710 2 $aConsiglio di Presidenza del grande Giubileo dell'anno 2000.$0(OLS)http://pul/name/88930 830 0$aSaggi teologici (San Paolo) ;$v17.$0(OLS)http://pul/title/66260 850 $aPUL 852 $aPUL$W1$xDP1 Fondo E. Rossi$y115$m7 A 125$j158904$qFondi$B158426$CPULBib$Z2$F158426 $82 900 $aIohannes Paulus PP.$bII,$csanto,$d1920-2005$912992 900 $aIohannes Paulus PP.$bII,$csanto,$d1920-2005$912992 941 1 $a1 996 $6020$z88-215-3068-X*$9(OLS)http://pul/number/154887 996 $6245$aTertio millennio adveniente :$blettera apostolica di Giovanni Paolo II: testo e commento teologico-pastorale$9(OLS)http://pul/title/174550 996 $6260$aMilano :$bSan Paolo$9(OLS)http://pul/publisher/59870 LEADER 01279nam a2200277 u 4500 001 000000047850 003 CaOOAMICUS 005 20070226114930.0 008 000221s1996 it a u000 u ita u 035 $a10842064 040 $aMSA$bita 100 1 $aDalledonne, Andrea.$0(OLS)http://pul/name/34753 245 10$aCornelio Fabro pensatore universale /$cAndrea Dalledonne, Rosa Goglia. 260 $aFrosinone :$b[S.e.],$c1996$e(Frosinone :$fM. Bianchini e Figli) 300 $a119 p. :$bill. ;$c24 cm 500 $a5ul front.: con il patrocinio del Comune di Frosinone, Assessorato alla Cultura. 600 14$aFabro, Cornelio,$cC.S.,$d1911-1995.$0(OLS)http://pul/subject/19072 700 1 $aGoglia, Rosa,$cA.S.C.,$d1935-$0(OLS)http://pul/name/34754 850 $aPUL 852 $aPUL$W1$xSL Filosofia 1$y2$m84 L 73$j63871$nBK-PRI$b $qStampati$B63871$CPULBib$Z2$F63871 $H $81 852 $aPUL$W1$xSL Filosofia 1$y2$m96 F 70$j63872$nBK-PRI$b $qStampati$B63872$CPULBib$Z2$F63872 $H $81 941 1 $a8 961 $aINV: 75084 961 $aINV: 75647 996 $6245$aCornelio Fabro pensatore universale$9(OLS)http://pul/title/64411 996 $6260$aFrosinone :$b[S.e.]$9(OLS)http://pul/publisher/66945